000 01383nam a2200337 a 4500
999 _c20481
_d20481
003 BLK
005 20250502112311.0
008 180413b bul|||||r ||||||| ||bul||
010 _aKNG00022711000
040 _aBLK
041 _aBUL
_cBUL
080 _aАмериканска литература (на САЩ)
_b821.111(73)
_x-31
_z821.111(73)-31
100 1 _aРипли, Александра
_eпърви автор
_9116268
139 _aРипли, Александра
_bР 63
245 1 0 _aСбогуване с Чарлстън
_bРоман : Ч. 1 - 2
_cАлександра Рипли; прев. на том Благой Станчев; прев. на том Александър Недев Жеков.
_nЧ. 1.
257 _aUSA
260 _aСофия
_bБард
_c1993
_fВ. Търново : Абагар
300 _c21 см
_a 448 с.
380 _aX
490 _aИзбрани саги
_9204991
700 1 _aСтанчев, Благой
_eпрев. на том
_9365533
700 _aЖеков, Александър Недев
_9244019
760 1 _aРипли, Александра
_h448 с.
_tЧ. 1.
852 _aЦб 173260
_bЦб
856 4 _qpdf
_u
_i0.00
_ldisable
856 4 _qpdf
_u
_i0.00
_ldisable
942 _cKNG
_n0
_07
_s1
944 _aCR
_c15.01.2003
_k30552
_lВиолета Тройчева
944 _aED
_c15.01.2003
999 _d20481